[Event "ESP-chT Regional U14"]
[Site "Padron"]
[Date "2017.06.24"]
[Round "4.4"]
[White "Dorregarai Iparaguirre, Leire"]
[Black "Morillas Machetti, Marta"]
[Result "0-1"]
[WhiteElo "1522"]
[BlackElo "1447"]
[PlyCount "104"]
[EventDate "2017.06.22"]
[EventType "team"]
[EventRounds "6"]
[EventCountry "ESP"]
[SourceTitle "EXT 2018"]
[Source "ChessBase"]
[SourceDate "2017.10.13"]
[SourceVersion "1"]
[SourceVersionDate "2017.10.13"]
[SourceQuality "1"]
[WhiteTeam "Navarra (U14)"]
[BlackTeam "Murcia U14"]
[WhiteTeamCountry "ESP"]
[BlackTeamCountry "ESP"]

1. e4 d5 2. exd5 Nf6 3. d3 Nxd5 4. Nf3 g6 5. Nbd2 Bg7 6. Ne4 0-0 7. Be2 Nc6 8. 0-0 e5 9. c3 Re8 10. Bg5 f6 11. Bd2 b6 12. Qc2 Bb7 13. h4 f5 14. Ng3 Qe7 15. Bg5 Bf6 16. Bxf6 Qxf6 17. Rae1 Rad8 18. Qa4 a5 19. Ng5 h6 20. Nf3 Kh8 21. Qc2 Nf4 22. Qd2 g5 23. hxg5 hxg5 24. Qc1 e4 25. dxe4 fxe4 26. Nh2 Ne5 27. Bb5 c6 28. Nxe4 Qg6 29. Ba4 Ned3 30. Qe3 Nxe1 31. Rxe1 b5 32. Bc2 Re7 33. Qc5 Qg7 34. Qf5 Rf8 35. Qg4 Qh6 36. Nf3 Rh7 37. Ng3 Bc8 38. Qxc8 Rxc8 39. Bxh7 Qxh7 40. Nxg5 Qg7 41. Nf3 Rd8 42. Nd4 Qg8 43. Nxc6 Re8 44. Rd1 Qxa2 45. Nd4 Qd5 46. f3 Ne2+ 47. Kf2 Nxd4 48. Rxd4 Qc5 49. Ne4 Qa7 50. Kf1 Qh7 51. Nf6 Qh1+ 52. Kf2 Qe1# 0-1

[Event "ESP-ch U12"]
[Site "Granada"]
[Date "2016.07.06"]
[Round "5"]
[White "Morillas Machetti, Marta"]
[Black "Luque Saiz, Andres"]
[Result "1-0"]
[WhiteElo "1350"]
[BlackElo "1622"]
[PlyCount "33"]
[EventDate "2016.07.04"]
[EventType "swiss"]
[EventRounds "9"]
[EventCountry "ESP"]
[SourceTitle "EXT 2024"]
[Source "ChessBase"]
[SourceDate "2023.10.10"]
[SourceVersion "1"]
[SourceVersionDate "2023.10.10"]
[SourceQuality "1"]

1. d4 Nf6 2. Nc3 e6 3. e4 Bb4 4. e5 Ne4 5. Qg4 Nxc3 6. bxc3 Bxc3+ 7. Ke2 Rg8 8. Bg5 f6 9. Bxf6 Bxa1 10. Bxd8 Kxd8 11. Qh4+ Ke8 12. Qxh7 Kf8 13. Nf3 Nc6 14. Qd3 b6 15. Qa3+ Ke8 16. c3 Na5 17. Qc1 1-0